Netter's Anatomy Coloring Book (Record no. 2045)

MARC details
000 -LEADER
fixed length control field 00350nam a22001457a 4500
008 - FIXED-LENGTH DATA ELEMENTS--GENERAL INFORMATION
fixed length control field 250303b |||||||| |||| 00| 0 eng d
020 ## - INTERNATIONAL STANDARD BOOK NUMBER
ISBN 9780323545037
100 ## - MAIN ENTRY--AUTHOR
Author Hansen John T
245 ## - TITLE STATEMENT
Title Netter's Anatomy Coloring Book
250 ## - EDITION STATEMENT
Edition statement 2nd
260 ## - PUBLICATION, DISTRIBUTION, ETC. (IMPRINT)
Place of publication Philadelphia
Name of publisher Elservier
Date of publication 2019
300 ## - COLLATION
Pagination ixi,381p
942 ## - ADDED ENTRY ELEMENTS (KOHA)
Item type Books
050 ## - LIBRARY OF CONGRESS CALL NUMBER
Classification number QM25
Item number .H36
Holdings
Source of classification or shelving scheme Not for loan Permanent location Current location Date acquired Accession No. Full call number Barcode. Koha item type
Library of Congress Classification   Samuel Ogbemudia Main Library, University of Abuja Samuel Ogbemudia Main Library, University of Abuja 03/03/2025 2024/63625 QM25.H36 2025-0186 Books